| 000 | 00806nam a22002177a 4500 | ||
|---|---|---|---|
| 999 |
_c12497 _d12497 |
||
| 003 | AR-CdUCM | ||
| 008 | 190409b ||||| |||| 00| 0 spa d | ||
| 040 |
_aMUNICIPALIDAD PROVINCIAL DEL CUSCO _cBIBLIOTECA MUNICIPAL DEL CUSCO |
||
| 082 |
_27ed. _a687.1 / _bM41 / 1903 |
||
| 100 |
_aMelendez, Rafael _930360 |
||
| 245 | _aManual del sastre / | ||
| 260 |
_aParís : _bLibreria de la Vda de CH. Bouret, _c1903. |
||
| 300 |
_a286 páginas ; _c16 cm. |
||
| 440 |
_aEnciclopedia Popular _930354 |
||
| 505 | _aIntroducción a las manufacturas -- Fabricación de los paños en Europa -- Del arte de sastreria -- Maquinas de cocer y obras -- Géneros... | ||
| 650 |
_aSastre. _930361 |
||
| 650 |
_aSastrería. _930362 |
||
| 650 |
_aMaquinas de cocer. _930363 |
||
| 942 |
_2ddc _cLIBROS |
||
| 945 |
_awfj _d2019-04-09 |
||